[Event "DEM U18w 2010"]
[Site "Oberhof GER"]
[Date "2010.05.24"]
[Round "3"]
[White "Nguyen Minh, Thuy"]
[Black "Bochis, Julia"]
[Result "1-0"]
[Termination "normal"]
[Board "2"]
[WhiteElo "1895"]
[BlackElo "2086"]
[PlyCount "109"]
[WhiteFideId "24672688"]
[BlackFideId "24647276"]
[EventCountry "GER"]
[EventRounds "9"]
[EventType "swiss"]
[EventDate "2010.05.22"]

1. e4 c5 2. Nf3 e6 3. d4 cxd4 4. Nxd4 Nc6 5. Nc3 Qc7 6. Be3 a6 7. Be2 Nf6 8. a3
Be7 9. f4 O-O 10. Qd2 d6 11. g4 Nxd4 12. Qxd4 e5 13. Qd1 exf4 14. Bxf4 Be6 15.
g5 Nd7 16. Qd2 Ne5 17. O-O-O Rab8 18. h4 b5 19. h5 Qb7 20. Nd5 Bxd5 21. Qxd5
Rfe8 22. Rhg1 Bf8 23. Rg3 Re6 24. Rb3 Qxd5 25. Rxd5 Nc6 26. Bf3 Na5 27. Rbd3
Nc4 28. b3 Ne5 29. Bxe5 Rxe5 30. Kb2 Be7 31. Rxe5 dxe5 32. Rd7 Bxg5 33. Ra7 g6
34. Rxa6 Kg7 35. a4 bxa4 36. Rxa4 Be7 37. Ra6 f5 38. Re6 Bf6 39. hxg6 hxg6 40.
c3 Rd8 41. Kc2 Kf7 42. Ra6 Bg5 43. b4 Rd2+ 44. Kb3 Rf2 45. Bh1 Rh2 46. Ra1 f4
47. b5 Bd8 48. Kc4 Ke6 49. Bf3 Rh4 50. Ra6+ Kf7 51. b6 g5 52. b7 Bc7 53. Rc6
Bb8 54. Rc8 Ba7 55. Ra8 1-0

[Event "DEM U18w 2010"]
[Site "Oberhof GER"]
[Date "2010.05.24"]
[Round "3"]
[White "Erofeev, Anastasia"]
[Black "Frey, Alisa"]
[Result "1/2-1/2"]
[Termination "normal"]
[Board "3"]
[WhiteElo "1624"]
[BlackElo "2049"]
[PlyCount "215"]
[WhiteFideId "12917915"]
[BlackFideId "24634662"]
[EventCountry "GER"]
[EventRounds "9"]
[EventType "swiss"]
[EventDate "2010.05.22"]

1. e4 e5 2. Nf3 Nc6 3. Bc4 Nf6 4. d3 Be7 5. O-O O-O 6. Re1 d6 7. h3 Na5 8. Bb3
Nxb3 9. axb3 c5 10. Nbd2 Re8 11. Nf1 h6 12. Ng3 Bf8 13. c4 g6 14. Be3 a6 15.
Qd2 Kh7 16. b4 Qc7 17. b3 Bd7 18. Nh2 Ng8 19. bxc5 dxc5 20. f4 exf4 21. Bxf4
Bd6 22. Rf1 Be6 23. Rf3 Rad8 24. Ne2 Re7 25. Qe3 Red7 26. Rd1 Qb6 27. Nc1 Qc7
28. Rdf1 b5 29. Ng4 Bxf4 30. Qxf4 Qxf4 31. Rxf4 Kg7 32. Ne5 Rb7 33. R4f3 Rd6
34. Ne2 bxc4 35. dxc4 f6 36. Ng4 Bxg4 37. hxg4 Re6 38. Re3 Reb6 39. Nc1 Ne7 40.
e5 f5 41. Rg3 fxg4 42. Rxg4 Rd7 43. Rgf4 Nf5 44. R4f3 Re7 45. Nd3 Rxb3 46. Nxc5
Rxf3 47. Rxf3 Rxe5 48. Nxa6 Re7 49. Nb4 Re1+ 50. Kf2 Rc1 51. Rf4 Nd6 52. Nd3
Rc2+ 53. Kf3 Nxc4 54. g3 Rc3 55. Ke4 Nd6+ 56. Kd4 Ra3 57. g4 Ra4+ 58. Kd5 Rxf4
59. Nxf4 Ne8 60. Ke5 Kf7 61. Nd5 Ng7 62. Nf4 g5 63. Nh3 Kg6 64. Nf2 Ne8 65. Ne4
Nc7 66. Nf2 Nb5 67. Ne4 Na3 68. Nf2 Nc2 69. Ke4 Ne1 70. Nd1 Ng2 71. Nc3 Nf4 72.
Nd1 Kf6 73. Ne3 Nh3 74. Kf3 Nf4 75. Nf5 h5 76. Nd6 h4 77. Ne4+ Kg6 78. Nf2 Ne6
79. Ke4 Kf6 80. Nd3 Nf8 81. Ne5 Ng6 82. Nf3 h3 83. Ke3 Nh4 84. Nh2 Ke5 85. Nf3+
Kd5 86. Nh2 Kc4 87. Kf2 Kd3 88. Nf3 Nxf3 89. Kxf3 h2 90. Kg2 Ke3 91. Kxh2 Kf3
92. Kh3 Kf4 93. Kh2 Ke3 94. Kg3 Ke4 95. Kg2 Kf4 96. Kh2 Kxg4 97. Kg2 Kh4 98.
Kh2 g4 99. Kg2 g3 100. Kg1 Kg4 101. Kg2 Kf4 102. Kg1 Kf3 103. Kf1 Kf4 104. Kg1
Kg4 105. Kg2 Kh4 106. Kg1 Kh3 107. Kh1 g2+ 108. Kg1 1/2-1/2

[Event "DEM U18w 2010"]
[Site "Oberhof GER"]
[Date "2010.05.24"]
[Round "3"]
[White "Blübaum, Johanna"]
[Black "Dorn, Carina"]
[Result "1-0"]
[Termination "normal"]
[Board "4"]
[WhiteElo "1988"]
[BlackElo "1869"]
[PlyCount "107"]
[WhiteFideId "24647373"]
[BlackFideId "24666335"]
[EventCountry "GER"]
[EventRounds "9"]
[EventType "swiss"]
[EventDate "2010.05.22"]

1. d4 Nf6 2. c4 e6 3. Nc3 Bb4 4. f3 d5 5. e3 O-O 6. Bd3 c5 7. a3 cxd4 8. axb4
dxc3 9. bxc3 dxc4 10. Bxc4 Qc7 11. Qb3 Nc6 12. Nh3 Ne5 13. Be2 a6 14. c4 b6 15.
O-O Bb7 16. Bb2 Rfd8 17. Rfd1 Rxd1+ 18. Rxd1 Rc8 19. Rc1 Rd8 20. Bd4 Ned7 21.
e4 e5 22. Be3 Nf8 23. c5 b5 24. Rd1 Ne6 25. Qb2 h6 26. g3 Rxd1+ 27. Bxd1 Nd8
28. Nf2 g5 29. Qd2 Qd7 30. Bxg5 Qxd2 31. Bxd2 Kg7 32. Nd3 Nc6 33. Bc3 Nd7 34.
Kf2 f6 35. Ke3 Bc8 36. f4 Kf7 37. Bg4 exf4+ 38. gxf4 Ne7 39. e5 f5 40. Bf3 Nb8
41. Nc1 Be6 42. Ne2 Bd5 43. Bh5+ Kf8 44. Nd4 Nbc6 45. Be1 Nxd4 46. Kxd4 Be6 47.
Bf3 Ke8 48. Bb7 Kd7 49. Bh4 Nc6+ 50. Kc3 Bc4 51. Bxa6 Nb8 52. e6+ Kxe6 53. Bc8+
Kd5 54. Bxf5 1-0

[Event "DEM U18w 2010"]
[Site "Oberhof GER"]
[Date "2010.05.24"]
[Round "3"]
[White "Stitterich, Nadine"]
[Black "Kölbl, Ines"]
[Result "1-0"]
[Termination "normal"]
[Board "5"]
[WhiteElo "1974"]
[BlackElo "1855"]
[PlyCount "87"]
[WhiteFideId "24676527"]
[BlackFideId "24697052"]
[EventCountry "GER"]
[EventRounds "9"]
[EventType "swiss"]
[EventDate "2010.05.22"]

1. e4 c6 2. d4 d5 3. Nc3 dxe4 4. Nxe4 Bf5 5. Ng3 Bg6 6. h4 h6 7. Nf3 Nd7 8. h5
Bh7 9. Bd3 Bxd3 10. Qxd3 e6 11. Bd2 Ngf6 12. O-O-O Qc7 13. Qe2 O-O-O 14. Ne5
Nb6 15. c4 Rxd4 16. Be3 Rxd1+ 17. Rxd1 Rg8 18. f4 c5 19. Qd3 Be7 20. Nxf7 Rf8
21. Ne5 Rd8 22. Qe2 Rxd1+ 23. Kxd1 Nfd7 24. Ng6 Bf6 25. b3 Qd6+ 26. Kc2 Qc6 27.
Bd2 Kb8 28. f5 exf5 29. Qd1 Qc8 30. Bf4+ Ka8 31. Qd6 Qc6 32. Qxc6 bxc6 33. Nxf5
Kb7 34. Nd6+ Ka6 35. Kd3 Bd4 36. Ne4 Nf6 37. Nxf6 Bxf6 38. Ke4 Nc8 39. Kf5 Ka5
40. Bd2+ Kb6 41. Ke6 Kc7 42. Bxh6 Bd4 43. Bf4+ Kd8 44. Ne5 1-0

[Event "DEM U18w 2010"]
[Site "Oberhof GER"]
[Date "2010.05.24"]
[Round "3"]
[White "Kirst, Julia"]
[Black "Mijatovic, Andrea"]
[Result "1-0"]
[Termination "normal"]
[Board "6"]
[WhiteElo "1712"]
[BlackElo "1864"]
[PlyCount "43"]
[WhiteFideId "12914258"]
[BlackFideId "14514524"]
[EventCountry "GER"]
[EventRounds "9"]
[EventType "swiss"]
[EventDate "2010.05.22"]

1. d4 d5 2. c4 Nc6 3. cxd5 Qxd5 4. Nf3 e5 5. e3 exd4 6. Nc3 Bb4 7. exd4 Bg4 8.
Be2 O-O-O 9. O-O Qd7 10. Qa4 Nf6 11. Be3 Qe7 12. Ne5 Bd7 13. Nxd7 Qxd7 14. d5
Nxd5 15. Nxd5 Qxd5 16. Bf3 Qa5 17. Bxc6 bxc6 18. Qxc6 Bd6 19. Rad1 Kb8 20. g3
a6 21. Rd5 Qb4 22. Qxa6 1-0

[Event "DEM U18w 2010"]
[Site "Oberhof GER"]
[Date "2010.05.24"]
[Round "3"]
[White "Sonnhalter, Stella"]
[Black "Kinzel, Tiffany"]
[Result "0-1"]
[Termination "normal"]
[Board "7"]
[WhiteElo "1751"]
[BlackElo "1570"]
[PlyCount "50"]
[WhiteFideId "4624815"]
[BlackFideId "4633741"]
[EventCountry "GER"]
[EventRounds "9"]
[EventType "swiss"]
[EventDate "2010.05.22"]

1. e4 c5 2. Nc3 d6 3. f4 g6 4. Nf3 Bg7 5. Bc4 e6 6. d3 Ne7 7. O-O O-O 8. Qe1
Nbc6 9. f5 d5 10. Bb3 dxe4 11. dxe4 exf5 12. e5 Nd4 13. Bg5 Be6 14. Qh4 Re8 15.
Rad1 Qc7 16. Bf6 Nec6 17. Ng5 h6 18. Nxe6 fxe6 19. Rfe1 b5 20. a4 a6 21. Rd2
Rab8 22. axb5 axb5 23. Ne2 Nxe2+ 24. Rexe2 c4 25. Ba2 Qa7+ 0-1

[Event "DEM U18w 2010"]
[Site "Oberhof GER"]
[Date "2010.05.24"]
[Round "3"]
[White "Stoer, Agnes"]
[Black "Müller, Anna-Louise"]
[Result "0-1"]
[Termination "normal"]
[Board "8"]
[WhiteElo "1877"]
[BlackElo "1627"]
[PlyCount "136"]
[WhiteFideId "1270593"]
[BlackFideId "4633512"]
[EventCountry "GER"]
[EventRounds "9"]
[EventType "swiss"]
[EventDate "2010.05.22"]

1. d4 Nf6 2. Nf3 g6 3. c4 Bg7 4. Nc3 O-O 5. e4 d6 6. Be2 e5 7. dxe5 dxe5 8.
Qxd8 Rxd8 9. Bg5 c6 10. Nxe5 Re8 11. O-O-O Nxe4 12. Nxe4 Bxe5 13. Nf6+ Bxf6 14.
Bxf6 Nd7 15. Rxd7 Bxd7 16. Bf3 Bf5 17. Rd1 Re6 18. Bc3 Re7 19. b3 Rae8 20. Bb4
Rd7 21. Bd6 Re6 22. c5 Rd8 23. Kb2 Rde8 24. g4 Be4 25. Be2 Bd5 26. Bd3 Bf3 27.
Rg1 Re1 28. Rxe1 Rxe1 29. g5 Rd1 30. Kc2 Re1 31. Kb2 Kg7 32. Bb8 Be4 33. Bc4 b5
34. cxb6 axb6 35. a4 Rb1+ 36. Ka2 Rd1 37. Bf4 Bd3 38. Kb2 Bxc4 39. bxc4 Rd7 40.
Kc3 Ra7 41. Kb4 Kf8 42. Bb8 Rb7 43. Bd6+ Ke8 44. c5 bxc5+ 45. Kxc5 Kd7 46. Be5
Ra7 47. Kb4 Ke6 48. Bd4 Ra6 49. a5 Kd5 50. Bb6 Ra8 51. Kc3 c5 52. Kd3 Ra6 53.
Bc7 c4+ 54. Kc3 Kc5 55. Bb6+ Kb5 56. f3 Ra8 57. f4 Re8 58. Kd2 Re4 59. Bc7 Rd4+
60. Kc3 Rd3+ 61. Kc2 Rh3 62. f5 gxf5 63. Kb2 Rf3 64. h4 Rh3 65. Bd8 f4 66. a6
Kxa6 67. Bc7 f3 68. Kc3 f2+ 0-1

[Event "DEM U18w 2010"]
[Site "Oberhof GER"]
[Date "2010.05.24"]
[Round "3"]
[White "Wisheckel, Lena"]
[Black "Voss, Chantal"]
[Result "0-1"]
[Termination "normal"]
[Board "9"]
[WhiteElo "1672"]
[BlackElo "1879"]
[PlyCount "84"]
[WhiteFideId "24691992"]
[BlackFideId "4664906"]
[EventCountry "GER"]
[EventRounds "9"]
[EventType "swiss"]
[EventDate "2010.05.22"]

1. e4 e6 2. d4 d5 3. Nc3 Nf6 4. e5 Nfd7 5. Qh5 c5 6. Nf3 cxd4 7. Nxd4 g6 8. Qg5
Qxg5 9. Bxg5 a6 10. f4 Nc6 11. O-O-O h6 12. Bh4 g5 13. Nxc6 bxc6 14. fxg5 Nxe5
15. Bg3 Nd7 16. gxh6 Bxh6+ 17. Kb1 Ke7 18. Be2 Be3 19. Rhe1 Ba7 20. Bf3 Bb8 21.
Bxb8 Rxb8 22. h3 a5 23. Rh1 Ba6 24. Be2 Bxe2 25. Nxe2 c5 26. Nf4 Nb6 27. Rhe1
Kd6 28. Kc1 a4 29. Nd3 Rb7 30. Nf2 Nc4 31. b3 axb3 32. axb3 Nb6 33. Rd3 Rg8 34.
g4 c4 35. bxc4 Nxc4 36. Ne4+ Kc6 37. Nc3 Ra8 38. Kd1 Nb2+ 39. Kd2 Nxd3 40. Kxd3
Rh8 41. Re3 Rb4 42. Kd2 d4 0-1

[Event "DEM U18w 2010"]
[Site "Oberhof GER"]
[Date "2010.05.24"]
[Round "3"]
[White "Schöbel, Ulrike"]
[Black "Kohm, Vanessa"]
[Result "1-0"]
[Termination "normal"]
[Board "10"]
[WhiteElo "1656"]
[BlackElo "1768"]
[PlyCount "105"]
[BlackFideId "4674472"]
[EventCountry "GER"]
[EventRounds "9"]
[EventType "swiss"]
[EventDate "2010.05.22"]

1. c4 c6 2. Nc3 d5 3. cxd5 cxd5 4. d4 Nc6 5. Nf3 Nf6 6. e3 Bg4 7. Be2 e6 8. h3
Bh5 9. O-O Be7 10. b3 Rc8 11. Bb2 O-O 12. Rc1 Qa5 13. a4 Qb6 14. Ne5 Bxe2 15.
Nxe2 Na5 16. Rb1 Qxb3 17. Qxb3 Nxb3 18. Bc3 Rxc3 19. Nxc3 Nd2 20. Rxb7 Nxf1 21.
Rxe7 Nd2 22. Rxa7 Rc8 23. Ne2 Rb8 24. g3 h6 25. Kg2 Nc4 26. a5 Nxe5 27. dxe5
Ne4 28. a6 Nc5 29. Nd4 Kh7 30. Rxf7 Nxa6 31. Nxe6 Rg8 32. Rf8 Rxf8 33. Nxf8+
Kg8 34. Nd7 Kf7 35. f4 Ke6 36. Nb6 Nc5 37. h4 h5 38. Kf3 g6 39. g4 Ne4 40. Nc8
Nd2+ 41. Ke2 Ne4 42. gxh5 gxh5 43. Nb6 Ng3+ 44. Kd3 Nf5 45. e4 dxe4+ 46. Kxe4
Nxh4 47. Nc4 Nf5 48. Ne3 Ng3+ 49. Kf3 h4 50. Ng2 Nf5 51. Kg4 Nd4 52. Nxh4 Kd5
53. Nf3 1-0

[Event "DEM U18w 2010"]
[Site "Oberhof GER"]
[Date "2010.05.24"]
[Round "3"]
[White "Rolfs, Rebecca"]
[Black "Falke, Cynthia"]
[Result "1/2-1/2"]
[Termination "normal"]
[Board "11"]
[WhiteElo "1408"]
[BlackElo "1672"]
[PlyCount "100"]
[WhiteFideId "24658219"]
[BlackFideId "24600644"]
[EventCountry "GER"]
[EventRounds "9"]
[EventType "swiss"]
[EventDate "2010.05.22"]

1. e4 e5 2. Nf3 Nc6 3. Bc4 Bc5 4. c3 Nf6 5. d4 exd4 6. e5 d5 7. Bb5 Ne4 8. cxd4
Bb4+ 9. Bd2 O-O 10. Bxb4 Nxb4 11. a3 Nc6 12. Nbd2 Bg4 13. Qc2 Nxd2 14. Nxd2
Nxd4 15. Qc5 Nxb5 16. Qxb5 Rb8 17. Qa4 Qg5 18. Qd4 Be6 19. Rg1 b6 20. Nf3 Qf5
21. Nh4 Qc2 22. f4 c5 23. Qd2 Qe4+ 24. Kf2 g5 25. Nf3 Qxf4 26. Qxf4 gxf4 27. g3
fxg3+ 28. Rxg3+ Kh8 29. Rag1 Bf5 30. Nh4 Be4 31. Ke3 Rg8 32. Kf4 Rxg3 33. Rxg3
Rg8 34. Rh3 h5 35. Nf3 Bxf3 36. Kxf3 Rg5 37. Kf4 Rg2 38. Rxh5+ Kg7 39. b3 b5
40. Rh3 c4 41. bxc4 bxc4 42. Ke3 Ra2 43. Kd4 Rd2+ 44. Kc3 Re2 45. Kd4 Rd2+ 46.
Kc3 Rd1 47. Rg3+ Kf8 48. Rf3 Ke7 49. Rf6 Rd3+ 50. Kb4 a5+ 1/2-1/2

[Event "DEM U18w 2010"]
[Site "Oberhof GER"]
[Date "2010.05.25"]
[Round "4"]
[White "Nguyen Minh, Thuy"]
[Black "Endress, Anna"]
[Result "0-1"]
[Termination "normal"]
[Board "1"]
[WhiteElo "1895"]
[BlackElo "2107"]
[PlyCount "42"]
[WhiteFideId "24672688"]
[BlackFideId "24629472"]
[EventCountry "GER"]
[EventRounds "9"]
[EventType "swiss"]
[EventDate "2010.05.22"]

1. e4 c5 2. Nf3 Nc6 3. d4 cxd4 4. Nxd4 Qc7 5. Nc3 e6 6. Be2 a6 7. Be3 Nf6 8. a3
Be7 9. f4 O-O 10. g4 d5 11. e5 Ne4 12. Nxe4 dxe4 13. Nb3 Bh4+ 14. Kf1 f6 15.
exf6 Rxf6 16. Kg2 Ne7 17. Kh3 Nd5 18. Qd2 Bf2 19. Bxf2 Nxf4+ 20. Kh4 Rh6+ 21.
Kg3 Rh3# 0-1

[Event "DEM U18w 2010"]
[Site "Oberhof GER"]
[Date "2010.05.25"]
[Round "4"]
[White "Mertens, Pauline"]
[Black "Stitterich, Nadine"]
[Result "1-0"]
[Termination "normal"]
[Board "3"]
[WhiteElo "1999"]
[BlackElo "1974"]
[PlyCount "123"]
[WhiteFideId "24671959"]
[BlackFideId "24676527"]
[EventCountry "GER"]
[EventRounds "9"]
[EventType "swiss"]
[EventDate "2010.05.22"]

1. e4 c5 2. Nf3 e6 3. d4 cxd4 4. Nxd4 Nc6 5. Nc3 Qc7 6. Be3 a6 7. Bd3 Nf6 8.
O-O Ne5 9. h3 Bc5 10. Qe2 d6 11. Kh1 O-O 12. f4 Ng6 13. Nf3 b5 14. f5 Ne5 15.
Nxe5 dxe5 16. Bg5 Be7 17. Nd1 exf5 18. Bxf6 Bxf6 19. exf5 Bb7 20. Be4 Rfd8 21.
Nf2 Rac8 22. c3 Rd7 23. Rad1 Rcd8 24. Rxd7 Rxd7 25. Rd1 Bxe4 26. Qxe4 Rxd1+ 27.
Nxd1 Bd8 28. Qd5 Kf8 29. Nf2 f6 30. Ne4 Be7 31. b3 Qc8 32. g4 Qd8 33. Qxd8+
Bxd8 34. Nc5 a5 35. Ne6+ Ke7 36. Nxg7 Bb6 37. Kg2 Kd6 38. Kf3 Kd5 39. Ne8 Bd8
40. h4 a4 41. Ng7 e4+ 42. Ke2 Ba5 43. g5 axb3 44. axb3 fxg5 45. hxg5 Bxc3 46.
Ne8 Ke5 47. f6 Kf5 48. Nd6+ Kg6 49. Nxe4 Bb4 50. Ke3 Kf5 51. Kd4 Ba3 52. Kd5
Bf8 53. Nc5 Kg6 54. Ne6 Ba3 55. Nc5 Bc1 56. Ne4 h6 57. gxh6 Bxh6 58. Ke6 Bf8
59. Nd6 b4 60. Nc4 Kg5 61. Ne5 Kf4 62. Ng6+ 1-0

[Event "DEM U18w 2010"]
[Site "Oberhof GER"]
[Date "2010.05.25"]
[Round "4"]
[White "Kinzel, Tiffany"]
[Black "Erofeev, Anastasia"]
[Result "1-0"]
[Termination "normal"]
[Board "4"]
[WhiteElo "1570"]
[BlackElo "1624"]
[PlyCount "93"]
[WhiteFideId "4633741"]
[BlackFideId "12917915"]
[EventCountry "GER"]
[EventRounds "9"]
[EventType "swiss"]
[EventDate "2010.05.22"]

1. Nc3 Nf6 2. e4 e5 3. f4 Nc6 4. Nf3 d6 5. Bc4 Be6 6. Bb5 Bd7 7. d3 Nd4 8.
Bxd7+ Qxd7 9. O-O Be7 10. Ne2 Nxe2+ 11. Qxe2 O-O 12. fxe5 dxe5 13. Kh1 Bd6 14.
Bg5 Qe6 15. h3 Nh5 16. Qf2 h6 17. Be3 b6 18. Nh4 c5 19. Nf5 Rad8 20. Qh4 Qg6
21. Rf3 Rfe8 22. Raf1 Rd7 23. g4 Nf4 24. Rg1 Qh7 25. g5 Be7 26. Nxe7+ Rdxe7 27.
Bxf4 exf4 28. gxh6 g6 29. Qxf4 Re6 30. h4 Re5 31. Rg5 R5e7 32. h5 Re6 33. Kg2
Kh8 34. Qxf7 Qxh6 35. Rxg6 Rxg6+ 36. hxg6 Qd2+ 37. Rf2 Qg5+ 38. Kf3 Qh5+ 39.
Ke3 Qg5+ 40. Qf4 Qxg6 41. Qh2+ Qh7 42. Qxh7+ Kxh7 43. Rf7+ Kg6 44. Rxa7 Re6 45.
Kd2 Kf6 46. Kc3 Ke5 47. a4 1-0

[Event "DEM U18w 2010"]
[Site "Oberhof GER"]
[Date "2010.05.25"]
[Round "4"]
[White "Voss, Chantal"]
[Black "Kirst, Julia"]
[Result "1-0"]
[Termination "normal"]
[Board "5"]
[WhiteElo "1879"]
[BlackElo "1712"]
[PlyCount "57"]
[WhiteFideId "4664906"]
[BlackFideId "12914258"]
[EventCountry "GER"]
[EventRounds "9"]
[EventType "swiss"]
[EventDate "2010.05.22"]

1. d4 Nf6 2. c4 g6 3. Nc3 Bg7 4. e4 d6 5. Nf3 O-O 6. Be2 e5 7. O-O Nc6 8. d5
Ne7 9. b4 Nh5 10. Re1 f5 11. Ng5 Nf6 12. Bf3 a5 13. c5 axb4 14. Nb5 fxe4 15.
Bxe4 Nf5 16. Qb3 Nd4 17. Nxd4 exd4 18. cxd6 Qxd6 19. Bd2 Ng4 20. Nf3 Rxf3 21.
Qxf3 Qxh2+ 22. Kf1 Ra3 23. Qf4 Qh4 24. g3 Qh5 25. Bg2 Bd7 26. Re7 Ne5 27. Bxb4
Bb5+ 28. Kg1 Rd3 29. Rxg7+ 1-0

[Event "DEM U18w 2010"]
[Site "Oberhof GER"]
[Date "2010.05.25"]
[Round "4"]
[White "Dorn, Carina"]
[Black "Bochis, Julia"]
[Result "0-1"]
[Termination "normal"]
[Board "6"]
[WhiteElo "1869"]
[BlackElo "2086"]
[PlyCount "72"]
[WhiteFideId "24666335"]
[BlackFideId "24647276"]
[EventCountry "GER"]
[EventRounds "9"]
[EventType "swiss"]
[EventDate "2010.05.22"]

1. d4 Nf6 2. c4 c5 3. d5 e6 4. Nc3 exd5 5. cxd5 d6 6. e4 g6 7. Nf3 Bg7 8. h3 a6
9. a4 Nbd7 10. Bf4 Qe7 11. Bd3 O-O 12. O-O Ne8 13. Qc2 Nc7 14. Nd2 Ne5 15. Bh2
g5 16. Nc4 Nxc4 17. Bxc4 Bd7 18. f4 b5 19. axb5 axb5 20. Rxa8 Rxa8 21. Be2 b4
22. Nd1 gxf4 23. Bxf4 Nb5 24. Bxb5 Bxb5 25. Rf3 Kh8 26. Ne3 Ra1+ 27. Kh2 Be5
28. Nf5 Bxf4+ 29. Rxf4 Qe5 30. Qd2 Rf1 31. g3 Rxf4 32. gxf4 Qf6 33. h4 Bd7 34.
Ng3 Qxh4+ 35. Kg2 Qh3+ 36. Kf3 Bg4+ 0-1

[Event "DEM U18w 2010"]
[Site "Oberhof GER"]
[Date "2010.05.25"]
[Round "4"]
[White "Müller, Anna-Louise"]
[Black "Schöbel, Ulrike"]
[Result "1/2-1/2"]
[Termination "normal"]
[Board "7"]
[WhiteElo "1627"]
[BlackElo "1656"]
[PlyCount "34"]
[WhiteFideId "4633512"]
[EventCountry "GER"]
[EventRounds "9"]
[EventType "swiss"]
[EventDate "2010.05.22"]

1. e4 d5 2. exd5 Qxd5 3. Nc3 Qa5 4. d4 Bf5 5. Nf3 c6 6. Bd3 Bg6 7. O-O Nf6 8.
Ne5 Bxd3 9. Qxd3 Nbd7 10. Re1 e6 11. Bf4 Nxe5 12. Bxe5 Be7 13. Qg3 O-O 14. Ne4
Qd8 15. Rad1 g6 16. Nxf6+ Bxf6 17. Rd3 Qa5 1/2-1/2

[Event "DEM U18w 2010"]
[Site "Oberhof GER"]
[Date "2010.05.25"]
[Round "4"]
[White "Mijatovic, Andrea"]
[Black "Stoer, Agnes"]
[Result "1-0"]
[Termination "normal"]
[Board "8"]
[WhiteElo "1864"]
[BlackElo "1877"]
[PlyCount "75"]
[WhiteFideId "14514524"]
[BlackFideId "1270593"]
[EventCountry "GER"]
[EventRounds "9"]
[EventType "swiss"]
[EventDate "2010.05.22"]

1. e4 e6 2. d4 d5 3. exd5 exd5 4. Nf3 Nc6 5. Bb5 Bd6 6. c4 dxc4 7. d5 a6 8. Ba4
b5 9. dxc6 bxa4 10. O-O Ne7 11. Qxa4 O-O 12. Nbd2 c3 13. bxc3 Qe8 14. Nd4 Bb7
15. N2f3 Nxc6 16. Re1 Qd7 17. Rb1 Rab8 18. Rxb7 Rxb7 19. Nxc6 Re8 20. Be3 Rbb8
21. Qxa6 Ra8 22. Qc4 Qf5 23. Nfd4 Qh5 24. h3 Re4 25. a4 Bf4 26. Qd3 Rae8 27. a5
Bd6 28. a6 Rh4 29. a7 Rxh3 30. gxh3 Qxh3 31. Qf5 Qh2+ 32. Kf1 Qh1+ 33. Ke2 Qh2
34. Nb8 c5 35. Nf3 Rxe3+ 36. Kxe3 Qh6+ 37. Ng5 f6 38. Qe6+ 1-0

[Event "DEM U18w 2010"]
[Site "Oberhof GER"]
[Date "2010.05.25"]
[Round "4"]
[White "Kölbl, Ines"]
[Black "Sonnhalter, Stella"]
[Result "1-0"]
[Termination "normal"]
[Board "9"]
[WhiteElo "1855"]
[BlackElo "1751"]
[PlyCount "53"]
[WhiteFideId "24697052"]
[BlackFideId "4624815"]
[EventCountry "GER"]
[EventRounds "9"]
[EventType "swiss"]
[EventDate "2010.05.22"]

1. d4 Nf6 2. Nf3 e6 3. Bg5 h6 4. Bh4 c5 5. e3 Nc6 6. Nbd2 Be7 7. Bd3 O-O 8. O-O
Nb4 9. Be2 b6 10. c3 Nc6 11. Bd3 d5 12. Ne5 Nxe5 13. dxe5 Nd7 14. Bxe7 Qxe7 15.
f4 Bb7 16. a4 c4 17. Bc2 Nc5 18. Nf3 a6 19. Nd4 Rab8 20. Kh1 f6 21. Qg4 f5 22.
Qh3 Kh7 23. g4 g6 24. Rg1 Rg8 25. Rg3 Rg7 26. Rag1 Rbg8 27. Qxh6+ 1-0

[Event "DEM U18w 2010"]
[Site "Oberhof GER"]
[Date "2010.05.25"]
[Round "4"]
[White "Falke, Cynthia"]
[Black "Wisheckel, Lena"]
[Result "0-1"]
[Termination "normal"]
[Board "10"]
[WhiteElo "1672"]
[BlackElo "1672"]
[PlyCount "52"]
[WhiteFideId "24600644"]
[BlackFideId "24691992"]
[EventCountry "GER"]
[EventRounds "9"]
[EventType "swiss"]
[EventDate "2010.05.22"]

1. f4 d5 2. g3 c5 3. Bg2 Nf6 4. d3 e6 5. Nf3 Be7 6. O-O b5 7. Ne5 Bb7 8. Nd2
Qc7 9. a4 b4 10. b3 h5 11. Ndf3 Nbd7 12. Nxd7 Nxd7 13. Qe1 O-O 14. e4 Rfe8 15.
Kh1 Rac8 16. Ng5 c4 17. bxc4 dxc4 18. f5 e5 19. Qe2 Nf6 20. Bf3 cxd3 21. cxd3
Qc2 22. Bxh5 Nxh5 23. Qxh5 Bxg5 24. Qxg5 Qxd3 25. Be3 Qxe4+ 26. Kg1 Qg2# 0-1

[Event "DEM U18w 2010"]
[Site "Oberhof GER"]
[Date "2010.05.25"]
[Round "4"]
[White "Kohm, Vanessa"]
[Black "Rolfs, Rebecca"]
[Result "1-0"]
[Termination "normal"]
[Board "11"]
[WhiteElo "1768"]
[BlackElo "1408"]
[PlyCount "134"]
[WhiteFideId "4674472"]
[BlackFideId "24658219"]
[EventCountry "GER"]
[EventRounds "9"]
[EventType "swiss"]
[EventDate "2010.05.22"]

1. d4 d5 2. c4 dxc4 3. Nc3 Nf6 4. e3 e6 5. Bxc4 a6 6. Nf3 b5 7. Be2 Bb7 8. b3
Nbd7 9. Bb2 c5 10. O-O Be7 11. Rc1 O-O 12. Nb1 Rc8 13. Nbd2 Qc7 14. dxc5 Qa5
15. a3 b4 16. axb4 Qxb4 17. Rc4 Qa5 18. b4 Qc7 19. Nd4 Ne5 20. Rc1 Nc6 21. Nxc6
Qxc6 22. Bf3 Qb5 23. Bxb7 Qxb7 24. Ba3 Rfd8 25. Qc2 Qc7 26. Nc4 Ng4 27. g3 Qc6
28. Qe2 Nf6 29. Ra1 Qb5 30. Qc2 Nd5 31. Rfb1 Bf6 32. Ra2 Qc6 33. Rf1 Rb8 34.
Na5 Qb5 35. c6 Rdc8 36. Qc5 Qxc5 37. bxc5 Rb5 38. Nc4 Rxc6 39. e4 Nc3 40. Rc2
Nxe4 41. Nd2 Nxd2 42. Rxd2 h6 43. Rd6 Rxd6 44. cxd6 Rb8 45. Rc1 Kh7 46. Rc7 Kg6
47. Ra7 Rd8 48. Rxa6 Rd7 49. f4 Bd4+ 50. Kg2 e5 51. Ra4 Kf6 52. Kf3 Ke6 53. g4
f6 54. Ke4 g6 55. f5+ gxf5+ 56. gxf5+ Kf7 57. Kd5 h5 58. Kc6 Rd8 59. Rb4 Rc8+
60. Kd5 Rc5+ 61. Ke4 Ra5 62. Rb7+ Ke8 63. Bb4 Ra8 64. Kd5 Rd8 65. Ba5 Rd7 66.
Bc7 Kf7 67. Kc6 Rxc7+ 1-0

[Event "DEM U18w 2010"]
[Site "Oberhof GER"]
[Date "2010.05.25"]
[Round "5"]
[White "Endress, Anna"]
[Black "Kinzel, Tiffany"]
[Result "1-0"]
[Termination "normal"]
[Board "1"]
[WhiteElo "2107"]
[BlackElo "1570"]
[PlyCount "69"]
[WhiteFideId "24629472"]
[BlackFideId "4633741"]
[EventCountry "GER"]
[EventRounds "9"]
[EventType "swiss"]
[EventDate "2010.05.22"]

1. e4 c5 2. Nf3 d6 3. d4 cxd4 4. Nxd4 Nf6 5. Nc3 a6 6. Be3 e5 7. Nf3 h6 8. Bc4
Be6 9. Bb3 Be7 10. O-O Nbd7 11. Qe2 O-O 12. Nd2 Rc8 13. Nd5 Ng4 14. Nxe7+ Qxe7
15. Bxe6 Qxe6 16. c4 Nxe3 17. Qxe3 b5 18. b3 Rc6 19. Rfd1 Nb6 20. cxb5 axb5 21.
Qd3 b4 22. Nf1 Nd7 23. Ne3 Rd8 24. Nd5 Rb8 25. Qd2 Nc5 26. f3 Na6 27. Rac1 Rxc1
28. Rxc1 Qd7 29. Rc4 Qb7 30. g3 Kh7 31. Kg2 Rc8 32. Qc2 Rxc4 33. Qxc4 g6 34. g4
Kg7 35. h4 1-0